00823nam a22002297a 450000500170000001000270001702000260004402000230007003500130009303500170010603700190012303700130014208200120015510000190016724500490018626000370023527000620027230000200033450501880035465000220054265000290056420150608171201.0 aBAC-EN21 ENG-111472 a9788178243672c595.00 a8178243679c595.00 aEN-95004 aB-587557-568 bUppal/Venadpl bDBAD/PUB a320.954 aKesavan, Mukul aHomeless on google earth /cby Mukul Kesavan aRanikhet bPermanent Blackc2014 aHimalayana' Mall Road, Ranikhet Cantt.bRanikhet e263645 a314p.c23cm(Hb) a The unimportance of belonging -- About books -- Bombay’s talkies -- Some uses of nature and culture -- Life online and real lives -- An atlas of bigotry -- India’s political ark. a Cricket zIndia. aMotion pictures zIndia.